<?xml version="1.0" encoding="UTF-8"?><?xml-stylesheet type="text/xsl" href="static/style.xsl"?><OAI-PMH xmlns="http://www.openarchives.org/OAI/2.0/" xmlns:xsi="http://www.w3.org/2001/XMLSchema-instance" xsi:schemaLocation="http://www.openarchives.org/OAI/2.0/ http://www.openarchives.org/OAI/2.0/OAI-PMH.xsd"><responseDate>2026-04-17T20:25:52Z</responseDate><request verb="GetRecord" identifier="oai:riubu.ubu.es:10259/11519" metadataPrefix="marc">https://riubu.ubu.es/oai/request</request><GetRecord><record><header><identifier>oai:riubu.ubu.es:10259/11519</identifier><datestamp>2026-04-16T00:05:29Z</datestamp><setSpec>com_10259_7877</setSpec><setSpec>com_10259_5086</setSpec><setSpec>com_10259_2604</setSpec><setSpec>com_10259_7354</setSpec><setSpec>com_10259_7353</setSpec><setSpec>col_10259_7878</setSpec><setSpec>col_10259_7386</setSpec></header><metadata><record xmlns="http://www.loc.gov/MARC21/slim" xmlns:doc="http://www.lyncode.com/xoai" xmlns:xsi="http://www.w3.org/2001/XMLSchema-instance" xmlns:dcterms="http://purl.org/dc/terms/" xsi:schemaLocation="http://www.loc.gov/MARC21/slim http://www.loc.gov/standards/marcxml/schema/MARC21slim.xsd">
<leader>00925njm 22002777a 4500</leader>
<datafield tag="042" ind1=" " ind2=" ">
<subfield code="a">dc</subfield>
</datafield>
<datafield tag="720" ind1=" " ind2=" ">
<subfield code="a">Díez Ojeda, María</subfield>
<subfield code="e">author</subfield>
</datafield>
<datafield tag="720" ind1=" " ind2=" ">
<subfield code="a">Queiruga Dios, Miguel Ángel</subfield>
<subfield code="e">author</subfield>
</datafield>
<datafield tag="260" ind1=" " ind2=" ">
<subfield code="c">2026-03</subfield>
</datafield>
<datafield tag="520" ind1=" " ind2=" ">
<subfield code="a">Las contribuciones de este volumen se articulan en torno a líneas temáticas que abordan los principales desafíos y oportunidades de la educación STEAM. En primer lugar, se presentan estrategias didácticas centradas en el aprendizaje activo y significativo: aprendizaje basado en proyectos y retos, indagación, pensamiento de diseño, cultura maker y pensamiento computacional. En segundo lugar, se recogen experiencias implementadas en distintas etapas educativas —Educación Infantil, Primaria, Secundaria, Formación Profesional y Universidad— que permiten comparar enfoques, niveles de complejidad y condiciones de aplicación en contextos diversos.&#xd;
&#xd;
Un tercer eje se orienta a la evaluación competencial y formativa, con propuestas que concretan cómo recoger evidencias de aprendizaje mediante rúbricas, portafolios, desempeños auténticos y prácticas de autorregulación. Asimismo, el volumen aborda la transformación digital y el uso de tecnologías emergentes con sentido pedagógico, incorporando programación, robótica, análisis de datos e inteligencia artificial como herramientas al servicio del aprendizaje y no como fines en sí mismos.&#xd;
&#xd;
De manera transversal, se integran perspectivas de inclusión, equidad y género, con el objetivo de ampliar la participación, reducir brechas y diseñar propuestas STEAM que reconozcan la diversidad del alumnado y favorezcan oportunidades reales de éxito. Finalmente, se destaca el desarrollo profesional docente, la colaboración interdisciplinar y las alianzas con el entorno (centros, instituciones, comunidad y tejido productivo) como condiciones clave para sostener la innovación educativa en el tiempo.&#xd;
&#xd;
El volumen reúne aportaciones de profesionales e instituciones consolidadas, junto con experiencias de docentes e investigadores que se inician en el ámbito STEAM. Su propósito es doble: transferir aprendizajes derivados de prácticas reales y orientar la toma de decisiones educativas con criterios pedagógicos y evidencias contextualizadas.</subfield>
</datafield>
<datafield tag="024" ind2=" " ind1="8">
<subfield code="a">979-13-87585-28-0</subfield>
</datafield>
<datafield tag="024" ind2=" " ind1="8">
<subfield code="a">https://hdl.handle.net/10259/11519</subfield>
</datafield>
<datafield tag="024" ind2=" " ind1="8">
<subfield code="a">10.36443/9791387585280</subfield>
</datafield>
<datafield ind1=" " ind2=" " tag="653">
<subfield code="a">Conferencia internacional</subfield>
</datafield>
<datafield ind1=" " ind2=" " tag="653">
<subfield code="a">STEAM</subfield>
</datafield>
<datafield ind1=" " ind2=" " tag="653">
<subfield code="a">Enseñanza aprendizaje</subfield>
</datafield>
<datafield ind1=" " ind2=" " tag="653">
<subfield code="a">Educación</subfield>
</datafield>
<datafield ind1=" " ind2=" " tag="653">
<subfield code="a">Docencia</subfield>
</datafield>
<datafield ind1=" " ind2=" " tag="653">
<subfield code="a">Ciencias de la educación</subfield>
</datafield>
<datafield ind1=" " ind2=" " tag="653">
<subfield code="a">Innovación educativa</subfield>
</datafield>
<datafield ind1=" " ind2=" " tag="653">
<subfield code="a">Evaluación competencial</subfield>
</datafield>
<datafield tag="245" ind1="0" ind2="0">
<subfield code="a">Reimaginando el aprendizaje para un mundo en cambio</subfield>
</datafield>
</record></metadata></record></GetRecord></OAI-PMH>